Professional discourse

Zapisane w:
Opis bibliograficzny
1. autor: Gunnarsson, Britt-Louise (Autor)
Format: Książka
Język:angielski
Wydane: Londres Continuum 2009
Seria:Continuum Discourse Series
Hasła przedmiotowe:
Etykiety: Dodaj etykietę
Nie ma etykietki, Dołącz pierwszą etykiete!

MARC

LEADER 00000nam a2200000 a 4500
001 UCH4691
003 CL-VaPUC
008 090903e20090000UK |||||||||||||||||eng|d
020 |a 9780826492517 
082 0 4 |a 401.41  |b GUN  |2 21 
100 |a Gunnarsson, Britt-Louise  |e author  |9 540374 
245 1 0 |a Professional discourse 
300 |a 275 p 
942 |c BK 
945 |d 20090903 00:00:00  |a rbrito 
260 |a Londres  |b Continuum  |c 2009 
650 0 |a Análisis del discurso  |9 256696 
650 0 |a Discursos   |9 265028 
650 0 |a Oratoria  |9 307605 
650 0 |a Análisis de contenido  |9 318914 
583 |a last modification  |c 20090903 00:00:00  |k Rodrigo Vera 
490 0 |a Continuum Discourse Series 
999 |c 335962  |d 335960 
952 |0 0  |1 0  |4 0  |6 401_410000000000000_GUN_2009  |7 0  |8 A  |9 426824  |a FDOPOS  |b FDOPOS  |d 2019-11-22  |i 4597362  |o 401.41 GUN 2009  |p 4597362  |r 2025-01-22  |w 2019-11-22  |y BK  |k DLA